000 01005nam a2200277 i 4500
003 DO-SdBNP
005 20251202132939.0
007 ta
008 230627b2007 dr ac||| |||| 00| 0 spa d
020 _a9789968-875370
040 _aDO-SdBNP
_bspa
_cBNPHU
_erda
041 _aspa
082 4 _a331.4
_bR745t
_222
245 1 0 _aRoles en tensión :
_bmadres trabajadoras en las zonas francas dominicanas /
264 1 _aSan José, Costa Rica :
_bFUNPAPEM,,
_c2007.
300 _a155 páginas :
_bilustraciones, retratos ;
_c29 cm.
336 _2rdacontent
_atexto
_btxt
337 _2rdamedia
_asin mediación
_bn
338 _2rdacarrier
_avolumen
_bnc
505 _aEstudio nacional sobre discriminación laboral femenina por razones de género en las empresas textiles o maquiladoras
590 _aInventariado, 2023/DG
650 4 _aTrabajo de la mujer
_zRepública Dominicana
_92565
650 4 _aDiscriminación sexual en el trabajo
_zRepública Dominicana
_983659
910 _aDG
942 _2ddc
_cLBS1
999 _c54042
_d54042